[Event "Tournoi francophone 004 Groupe C"]
[Site "Skype"]
[Date "????.??.??"]
[Round "6.5"]
[White "L'Herbon De Lussats, Jean"]
[Black "Dubois, Real"]
[Result "1-0"]
[WhiteElo "1515"]
[BlackElo "1418"]
[PlyCount "41"]

1. d4 d5 2. c4 Nf6 3. cxd5 Nxd5 4. e4 Nb6 5. Nf3 e6 6. Bd3 Bb4+ 7. Bd2 Bxd2+ 8.
Nbxd2 O-O 9. O-O Re8 10. e5 Bd7 11. Qc2 Bc6 12. Bxh7+ Kf8 13. Qc5+ Re7 14. Be4
Na6 15. Qc3 Nd5 16. Qc4 Qe8 17. Rfc1 Bb5 18. Qb3 Rb8 19. Ng5 Kg8 20. Qh3 f5 21.
Qh7+ 1-0

[Event "Tournoi francophone 004 Groupe C"]
[Site "Skype"]
[Date "????.??.??"]
[Round "7.1"]
[White "Dubois, Real"]
[Black "De Coninck, Philippe"]
[Result "0-1"]
[WhiteElo "1418"]
[BlackElo "1426"]
[PlyCount "26"]

1. d4 e5 2. d5 Nf6 3. c4 c6 4. e3 cxd5 5. cxd5 b6 6. Bc4 Bb7 7. Nc3 Qc7 8. Qe2
Bb4 9. Bd2 Bxc3 10. Bxc3 Bxd5 11. Bxd5 Nxd5 12. Nf3 Nxc3 13. bxc3 Qxc3+ 0-1

[Event "Tournoi francophone 004 Groupe C"]
[Site "Skype"]
[Date "????.??.??"]
[Round "7.2"]
[White "Porcabeuf, Jean-Marc"]
[Black "L'Herbon De Lussats, Jean"]
[Result "1-0"]
[WhiteElo "1359"]
[BlackElo "1515"]
[PlyCount "37"]

1. d4 Nf6 2. c4 g6 3. Nf3 Bg7 4. Nc3 O-O 5. e4 d6 6. h3 c5 7. Be3 a6 8. d5 Qb6
9. b3 Nxe4 10. Nxe4 Bxa1 11. Qxa1 Bf5 12. Bh6 f6 13. Bxf8 Qd8 14. Nxf6+ exf6
15. Bh6 Qe8+ 16. Be2 Bd3 17. O-O Bxe2 18. Qxf6 Qf7 19. Qd8+ 1-0

[Event "Tournoi francophone 004 Groupe C"]
[Site "Skype"]
[Date "????.??.??"]
[Round "7.3"]
[White "Malbec, Robert"]
[Black "Martin, Jean-Claude"]
[Result "0-1"]
[WhiteElo "1504"]
[BlackElo "1464"]
[PlyCount "54"]

1. d4 e5 2. c3 exd4 3. cxd4 d5 4. Nf3 Nf6 5. Bg5 Be7 6. e3 c6 7. Bd3 h6 8. Bxf6
Bxf6 9. Nbd2 O-O 10. h4 c5 11. Qc2 cxd4 12. Nxd4 Bxd4 13. exd4 Re8+ 14. Be2 Nc6
15. Qc3 Qe7 16. Qe3 Nxd4 17. Kd1 Nxe2 18. Kxe2 Qxe3+ 19. fxe3 d4 20. e4 Bf5 21.
Kd3 Bg6 22. Kxd4 Rad8+ 23. Ke3 f5 24. g3 fxe4 25. Rhd1 Rd3+ 26. Kf4 e3 27. Nf3
Re4# 0-1

[Event "Tournoi francophone 004 Groupe C"]
[Site "Skype"]
[Date "????.??.??"]
[Round "7.4"]
[White "Gerbaux, Regis"]
[Black "Sahrane, Juba"]
[Result "1/2-1/2"]
[WhiteElo "1435"]
[BlackElo "1615"]
[PlyCount "59"]

1. e4 e5 2. Nf3 Nf6 3. Nxe5 Qe7 4. Nf3 Nxe4 5. Qe2 Nf6 6. Qxe7+ Bxe7 7. Bc4 O-O
8. Nc3 Nc6 9. O-O h6 10. h3 b6 11. d3 Bb7 12. Bf4 d6 13. a3 Rfe8 14. Rad1 Nd7
15. d4 g5 16. Bc1 Bf6 17. Nd5 Bd8 18. Nh2 Na5 19. Ba2 Nc6 20. f4 Re2 21. Rd2
Rxd2 22. Bxd2 Nxd4 23. fxg5 hxg5 24. Re1 Nf6 25. Nxf6+ Bxf6 26. Ng4 Kg7 27.
Nxf6 Kxf6 28. Rf1+ Kg6 29. Bxf7+ Kg7 30. Bxg5 1/2-1/2

[Event "Tournoi francophone 004 Groupe C"]
[Site "Skype"]
[Date "????.??.??"]
[Round "8.1"]
[White "De Coninck, Philippe"]
[Black "Fouquereau, Andre"]
[Result "1-0"]
[WhiteElo "1426"]
[BlackElo "1443"]
[PlyCount "55"]

1. e4 e5 2. f4 Nf6 3. Nc3 d6 4. Nf3 Bg4 5. h3 Bh5 6. Be2 h6 7. fxe5 dxe5 8.
Nxe5 Bxe2 9. Qxe2 Bd6 10. Qb5+ Nbd7 11. Nxd7 Nxd7 12. O-O O-O 13. Qh5 Nf6 14.
Qf3 c6 15. d4 Ne8 16. Ne2 Be7 17. c3 a5 18. Ng3 Nd6 19. e5 Nc4 20. Nf5 Bg5 21.
Qg4 f6 22. h4 fxe5 23. hxg5 exd4 24. Nxh6+ Kh7 25. g6+ Kh8 26. Nf7+ Rxf7 27.
Rxf7 Ne5 28. Qh5+ 1-0

[Event "Tournoi francophone 004 Groupe C"]
[Site "Skype"]
[Date "????.??.??"]
[Round "8.2"]
[White "Sahrane, Juba"]
[Black "Coruble, Didier"]
[Result "1-0"]
[WhiteElo "1615"]
[BlackElo "1479"]
[PlyCount "47"]

1. e4 d6 2. d4 c6 3. Nf3 h6 4. Bc4 e6 5. d5 e5 6. dxc6 bxc6 7. Be3 Qc7 8. O-O
Ba6 9. Na3 Bxc4 10. Nxc4 f6 11. Nh4 Qf7 12. Nf5 Kd7 13. Ncxd6 Bxd6 14. Qxd6+
Kc8 15. Rad1 Qd7 16. Qf8+ Kb7 17. Rxd7+ Nxd7 18. Nd6+ Kc7 19. Qxa8 Kxd6 20.
Rd1+ Ke6 21. Qxc6+ Kf7 22. Qxd7+ Ne7 23. Bc5 Re8 24. Qxa7 1-0

[Event "Tournoi francophone 004 Groupe C"]
[Site "Skype"]
[Date "????.??.??"]
[Round "8.3"]
[White "Martin, Jean-Claude"]
[Black "Gerbaux, Regis"]
[Result "0-1"]
[WhiteElo "1464"]
[BlackElo "1435"]
[PlyCount "68"]

1. d4 d5 2. c4 e6 3. Nc3 Nf6 4. Bg5 Be7 5. e3 Nbd7 6. Bxf6 Nxf6 7. Nf3 O-O 8.
Bd3 b6 9. O-O Bb7 10. cxd5 exd5 11. Re1 Re8 12. a3 c5 13. Bb5 Rf8 14. dxc5 bxc5
15. b4 a6 16. Be2 Rc8 17. bxc5 Qa5 18. Qb3 Qc7 19. Reb1 Rb8 20. Qb6 Rfc8 21.
Qxc7 Rxc7 22. Bxa6 Rxc5 23. Rxb7 Rxb7 24. Bxb7 Rxc3 25. a4 Bb4 26. e4 dxe4 27.
Bxe4 Nxe4 28. a5 Bxa5 29. h3 Rc5 30. Rb1 Bc7 31. g3 Rc2 32. Rf1 Bb6 33. Kg2
Bxf2 34. Rxf2 Rxf2+ 0-1

[Event "Tournoi francophone 004 Groupe C"]
[Site "Skype"]
[Date "????.??.??"]
[Round "8.4"]
[White "L'Herbon De Lussats, Jean"]
[Black "Malbec, Robert"]
[Result "0-1"]
[WhiteElo "1515"]
[BlackElo "1504"]
[PlyCount "78"]

1. d4 d5 2. c4 c6 3. Bf4 Nf6 4. e3 Bg4 5. Be2 Bf5 6. Nc3 e6 7. Nf3 Bb4 8. Qb3
Qa5 9. O-O Bxc3 10. bxc3 O-O 11. Qxb7 Nbd7 12. c5 Rfc8 13. Qb3 Ne4 14. c4 Bg4
15. Rfd1 Nc3 16. Rd2 Nxe2+ 17. Rxe2 Bxf3 18. gxf3 Qd8 19. cxd5 cxd5 20. e4 dxe4
21. fxe4 Qh4 22. Bg3 Qg4 23. f3 Qg6 24. Rg2 Qh6 25. Bd6 Nf8 26. Rf1 a5 27. d5
a4 28. Qe3 Qxe3+ 29. Kh1 Ra5 30. c6 Qd3 31. Rg3 Qxf1+ 32. Rg1 Qxf3+ 33. Rg2 Rb5
34. h3 Ng6 35. Kh2 exd5 36. exd5 Rxd5 37. Rg3 Rd2+ 38. Kg1 Qf2+ 39. Kh1 Qh2#
0-1

[Event "Tournoi francophone 004 Groupe C"]
[Site "Skype"]
[Date "????.??.??"]
[Round "8.5"]
[White "Dubois, Real"]
[Black "Porcabeuf, Jean-Marc"]
[Result "0-1"]
[WhiteElo "1418"]
[BlackElo "1359"]
[PlyCount "60"]

1. d4 d5 2. Nf3 Nf6 3. e3 b6 4. Be2 e6 5. a3 Nbd7 6. Nc3 a6 7. Bd2 Be7 8. Na2
a5 9. Bb5 c6 10. Bxc6 Ra7 11. c3 O-O 12. Qb3 Nb8 13. Bb5 Na6 14. Qc2 Ne4 15.
Bd3 Bb7 16. O-O g6 17. h3 Bd6 18. Be1 Nc7 19. Nd2 Ng5 20. e4 dxe4 21. Nxe4 Be7
22. Nxg5 Bxg5 23. Qe2 Nd5 24. Bd2 Nf4 25. Bxf4 Bxf4 26. Be4 Ba6 27. Bd3 Bb7 28.
g3 Qg5 29. Kh2 f5 30. gxf4 Qg2# 0-1

[Event "Tournoi francophone 004 Groupe C"]
[Site "Skype"]
[Date "????.??.??"]
[Round "9.1"]
[White "Porcabeuf, Jean-Marc"]
[Black "De Coninck, Philippe"]
[Result "0-1"]
[WhiteElo "1359"]
[BlackElo "1426"]
[PlyCount "52"]

1. d4 c6 2. Nf3 d5 3. e3 Nf6 4. Bd3 g6 5. O-O Bg7 6. Re1 Nbd7 7. c3 c5 8. Bc2
cxd4 9. cxd4 O-O 10. Nc3 a6 11. e4 dxe4 12. Nxe4 Nxe4 13. Rxe4 Nf6 14. Rh4 e6
15. Be3 Bd7 16. Qd2 e5 17. Nxe5 Ng4 18. Nf3 Nxe3 19. Qxe3 Bc6 20. Ng5 h5 21.
Rxh5 Qxd4 22. Qg3 Qd2 23. Bxg6 fxg6 24. Rf1 Rae8 25. Rh4 Re1 26. Rxe1 Qxe1# 0-1

[Event "Tournoi francophone 004 Groupe C"]
[Site "Skype"]
[Date "????.??.??"]
[Round "9.2"]
[White "Malbec, Robert"]
[Black "Dubois, Real"]
[Result "1-0"]
[WhiteElo "1504"]
[BlackElo "1418"]
[PlyCount "103"]

1. e4 e5 2. Nf3 d6 3. d4 exd4 4. Nxd4 Nd7 5. Bc4 Be7 6. O-O Ngf6 7. Nd2 O-O 8.
b3 Ne5 9. Be2 c5 10. N4f3 Nc6 11. Bb2 a6 12. Bd3 b5 13. c3 Bb7 14. Re1 Rc8 15.
Qb1 Ne5 16. Nxe5 dxe5 17. Nf3 Qc7 18. c4 Nd7 19. cxb5 axb5 20. Bxb5 f6 21. Qd3
Rfd8 22. Qe3 Nb6 23. Nh4 c4 24. Rac1 Bc5 25. Qg3 Bxe4 26. Rxe4 cxb3 27. axb3
Nd5 28. Bc4 Qd7 29. h3 Kh8 30. Ree1 Ne7 31. Be2 Qe8 32. Bg4 Rc7 33. Nf5 Nxf5
34. Bxf5 Bb6 35. Qh4 h6 36. Re2 Rxc1+ 37. Bxc1 g5 38. Qb4 Rd1+ 39. Re1 Rxe1+
40. Qxe1 Qd8 41. Bb2 Bc7 42. Qe4 Qg8 43. Qc6 Ba5 44. Qxf6+ Qg7 45. Qxg7+ Kxg7
46. Ba1 Bc7 47. g4 Kf6 48. f3 Bb6+ 49. Kf1 Bd4 50. Bxd4 exd4 51. Ke2 Ke5 52.
Kd3 1-0

[Event "Tournoi francophone 004 Groupe C"]
[Site "Skype"]
[Date "????.??.??"]
[Round "9.3"]
[White "Gerbaux, Regis"]
[Black "L'Herbon De Lussats, Jean"]
[Result "0-1"]
[WhiteElo "1435"]
[BlackElo "1515"]
[PlyCount "66"]

1. e4 c5 2. Nc3 e5 3. Nf3 Nc6 4. Bc4 d6 5. h3 Nf6 6. d3 Be7 7. O-O O-O 8. a3
Be6 9. Bxe6 fxe6 10. b4 d5 11. bxc5 Bxc5 12. Bb2 a6 13. Re1 d4 14. Ne2 Qb6 15.
Rb1 Qa7 16. c3 b5 17. cxd4 exd4 18. Nf4 Qf7 19. Qb3 Rfe8 20. Rbc1 Nd7 21. Ne2
e5 22. Qxf7+ Kxf7 23. Nd2 Re6 24. f4 b4 25. fxe5 bxa3 26. Nf4 axb2 27. Rb1 Rxe5
28. Rxb2 a5 29. Rf1 Kg8 30. Rb7 Nf6 31. Nc4 Bb4 32. Nxe5 Nxe5 33. Re7 a4 0-1

[Event "Tournoi francophone 004 Groupe C"]
[Site "Skype"]
[Date "????.??.??"]
[Round "9.4"]
[White "Coruble, Didier"]
[Black "Martin, Jean-Claude"]
[Result "0-1"]
[WhiteElo "1479"]
[BlackElo "1464"]
[PlyCount "66"]

1. e3 d5 2. d4 Bf5 3. h3 e6 4. g4 Be4 5. f3 Qh4+ 6. Ke2 Bg6 7. Na3 Bxa3 8. bxa3
Nf6 9. Bg2 Nbd7 10. Kf1 O-O 11. Ne2 Nb6 12. Bd2 Nc4 13. Be1 Nxe3+ 14. Kg1 Nxd1
15. Bxh4 Ne3 16. Kf2 Nxc2 17. Rac1 c6 18. Rxc2 Bxc2 19. Bf1 Nd7 20. Nc1 Nb6 21.
Be2 h6 22. Nb3 Bxb3 23. axb3 a5 24. Rc1 Rfe8 25. Bg3 Nd7 26. Bd6 e5 27. dxe5
Nxe5 28. Rc2 Re6 29. Bxe5 Rxe5 30. f4 Re4 31. Kf3 Rae8 32. g5 Re3+ 33. Kg4 Rxe2
0-1

[Event "Tournoi francophone 004 Groupe C"]
[Site "Skype"]
[Date "????.??.??"]
[Round "9.5"]
[White "Fouquereau, Andre"]
[Black "Sahrane, Juba"]
[Result "0-1"]
[WhiteElo "1443"]
[BlackElo "1615"]
[PlyCount "92"]

1. e4 e5 2. Nf3 Nc6 3. c3 Nf6 4. Qc2 Bc5 5. b4 Bb6 6. h3 d5 7. d3 dxe4 8. dxe4
a6 9. Bd3 O-O 10. O-O Be6 11. Be3 Bxe3 12. fxe3 Qd6 13. Nbd2 Rad8 14. Bc4 Bxc4
15. Nxc4 Qd3 16. Qxd3 Rxd3 17. Nfxe5 Nxe5 18. Nxe5 Rxe3 19. Rac1 Re8 20. Nc4
R3xe4 21. Na5 b5 22. Nb3 Re3 23. Nc5 Ne4 24. Nxa6 Ng3 25. Rfd1 Ne2+ 26. Kf2
Nxc1 27. Rxc1 c6 28. Nc5 Re2+ 29. Kg3 Rxa2 30. Rd1 g6 31. Rd3 Ree2 32. Kf4 Rxg2
33. Ke5 Rae2+ 34. Kd6 Rd2 35. Rxd2 Rxd2+ 36. Kxc6 f5 37. Kxb5 f4 38. Ne4 Re2
39. Ng5 h6 40. Nf3 Re3 41. Nd2 Rxc3 42. Kb6 f3 43. b5 f2 44. Nf1 Rc1 45. Nd2
f1=Q 46. Nxf1 Rxf1 0-1